Catálogo

Anatomía humana / (Registro nro. 25116)

Detalles MARC
000 -LEADER
fixed length control field 01424cam a2200373 i 4500
001 - CONTROL NUMBER
control field 25116
003 - CONTROL NUMBER IDENTIFIER
control field Mx-PuUPA
005 - DATE AND TIME OF LATEST TRANSACTION
control field 20250701091304.0
008 - FIXED-LENGTH DATA ELEMENTS--GENERAL INFORMATION
fixed length control field 140415s19891992sp ao 000 0 spa d
020 ## - INTERNATIONAL STANDARD BOOK NUMBER
International Standard Book Number 9586340449
Qualifying information pasta dura
020 ## - INTERNATIONAL STANDARD BOOK NUMBER
International Standard Book Number 9586340430
Qualifying information obra completa
040 ## - CATALOGING SOURCE
Transcribing agency Mx-PuUPA
Original cataloging agency Mx-PuUPA
Language of cataloging spa
Modifying agency Mx-PuUPA
Description conventions rda
041 0# - LANGUAGE CODE
Language code of text/sound track or separate title spa
100 1# - MAIN ENTRY--PERSONAL NAME
Personal name Crespo, Xavier,
Relator term autor
9 (RLIN) 17221
245 10 - TITLE STATEMENT
Title Anatomía humana /
Statement of responsibility, etc. autores del texto, Xavier Crespo, Nuria Curell, Jordi Curell ; ilustración, José Antonio Franco
264 #1 - PRODUCTION, PUBLICATION, DISTRIBUTION, MANUFACTURE, AND COPYRIGHT NOTICE
Place of production, publication, distribution, manufacture Barcelona :
Name of producer, publisher, distributor, manufacturer Ediciones Mistral,
Date of production, publication, distribution, manufacture, or copyright notice 1989
264 #1 - PRODUCTION, PUBLICATION, DISTRIBUTION, MANUFACTURE, AND COPYRIGHT NOTICE
Place of production, publication, distribution, manufacture Barcelona :
Name of producer, publisher, distributor, manufacturer Bibliográfica Internacional,
Date of production, publication, distribution, manufacture, or copyright notice 1992
300 ## - PHYSICAL DESCRIPTION
Extent 95 páginas :
Other physical details ilustraciones, fotografías, diagramas (en color) ;
Dimensions 31 cm
336 ## - CONTENT TYPE
Fuente rdacontent
Content type term texto
Content type code txt
337 ## - MEDIA TYPE
Source rdamedia
Media type term sin medio
Media type code n
338 ## - CARRIER TYPE
Source rdacarrier
Carrier type term volumen
Carrier type code nc
650 #7 - SUBJECT ADDED ENTRY--TOPICAL TERM
Source of heading or term armarc
Topical term or geographic name entry element Anatomía humana
Form subdivision Atlas
650 #7 - SUBJECT ADDED ENTRY--TOPICAL TERM
Source of heading or term armarc
Topical term or geographic name entry element Cuerpo humano
Form subdivision Atlas
650 #7 - SUBJECT ADDED ENTRY--TOPICAL TERM
Source of heading or term armarc
Topical term or geographic name entry element Aparato digestivo
650 #7 - SUBJECT ADDED ENTRY--TOPICAL TERM
Source of heading or term armarc
Topical term or geographic name entry element Sistema cardiovascular
650 #7 - SUBJECT ADDED ENTRY--TOPICAL TERM
Source of heading or term armarc
Topical term or geographic name entry element Sistema nervioso
700 1# - ADDED ENTRY--PERSONAL NAME
Personal name Curell, Nuria,
Relator term autor
700 1# - ADDED ENTRY--PERSONAL NAME
Personal name Curell, Jordi,
Relator term autor
700 1# - ADDED ENTRY--PERSONAL NAME
Personal name Franco, José Antonio,
Relator term ilustrador
942 ## - ADDED ENTRY ELEMENTS (KOHA)
Source of classification or shelving scheme Dewey Decimal Classification
Koha item type Libro
Classification part 611
Item part C52
Existencias
Withdrawn status Lost status Source of classification or shelving scheme Damaged status Not for loan Collection code Home library Current library Shelving location Date acquired Source of acquisition Total Checkouts Full call number Barcode Date last seen Price effective from Koha item type
    Dewey Decimal Classification     Referencia Biblioteca Karol Wojtyla Biblioteca Karol Wojtyla Área de silencio 03/12/2013 Donación   611 C52 1989 46853 05/01/2026 03/12/2013 Folio